000 00496nam a22001937a 4500
003 MPLRDC
005 20220104143024.0
008 210129b ||||| |||| 00| 0 eng d
020 _a978-986-6643-33-0
082 _a907 LYX
100 _a李予心 编著
245 _a伟大艺术创作不为人知的故事
_c
250 _a第一版
260 _a台湾
_b知青频道出版有限公司
_c2008
300 _b228
490 _aFOCUS: 1
650 _a艺术杂论
942 _cBK
_o907 LYX
999 _c35872
_d35862